01263cam a22003497a 4500003000900000005001700009008004100026020001800067020001500085040004300100082002000143100003400163245005800197246002000255264006300275264001000338300003900348336002600387337002800413338002700441500004400468500002400512650004100536650004400577651001000621653002200631655002400653710004600677942002400723999001700747952014900764EG-ScBUE20220625140724.0140506t2012 maua f d 000 0 eng d a9781111356422 a1111356424 aEG-ScBUEbengerdacEG-ScBUEdEG-ScBUE04222a428.43bHUB1 91610aHubley, Nancy,eauthor.10aReading explorer 5,pTeacher's guide /cNancy Hubley.30aTeacher's guide 1aBoston, Massachusetts :bHeinle, Cengage Learning,c[2012] 4cc2012 a96 pages :billustrations ;c28 cm 2rdacontentatextbtxt 2rdamediaaunmediatedbn 2rdacarrieravolumebnc aAt head of cover : National Geographic. aIncludes glossary.  7913995aReading comprehension.2BUEsh 7935962aDiscoveries in geography.2BUEsh 2BUEsh cMay2014bHHUUEENN vReading book9342322 914131aNational Geographic Society (U.S.) 2ddck428.43 HUBcBB c18261d18233 00102ddc40708ILBaMAINbMAINc2NDd2014-05-06ePurchaseg270.00h4033l0o428.43 HUBp000035952r2025-07-15 00:00:00v337.50w2014-05-06yBB